000 00657nam a22002297a 4500
003 UA-OsUOA
001 97444
007 ta
008 20130402b un ||||| |||| 00| 0 ukr d
100 _aМстиславский С.
090 _a821.161.1
_bМ89
942 _cBK
040 _aUA-OsUOA
_brus
_cUA-OsUOA
_dUA-OsUOA
245 _aГрач - птица весенняя
_bповесть о Н.Э. Баумане
300 _a264 с.
955 _a3
041 _arus
080 _a821.161.1
260 _aК.
_bРадянская школа
_c1987
650 7 _a82 Література. Літературознавство
_2UDC
999 _c383691
_d383691